Introduction to positive economics (Record no. 5640)

000 -LEADER
fixed length control field 00453nam a22001817a 4500
001 - CONTROL NUMBER
control field 5640
003 - CONTROL NUMBER IDENTIFIER
control field BD-DhUET
008 - FIXED-LENGTH DATA ELEMENTS--GENERAL INFORMATION
fixed length control field 141127b xxu||||| |||| 00| 0 eng d
040 ## - CATALOGING SOURCE
Transcribing agency 0
Modifying agency BD-DhUET
082 ## - DEWEY DECIMAL CLASSIFICATION NUMBER
Classification number 330
Item number LIP/1971
100 ## - MAIN ENTRY--PERSONAL NAME
Personal name Lipsey, Richard G.
245 ## - TITLE STATEMENT
Title Introduction to positive economics
250 ## - EDITION STATEMENT
Edition statement 3rd ed.
260 ## - PUBLICATION, DISTRIBUTION, ETC. (IMPRINT)
Name of publisher, distributor, etc. English Language Book
Place of publication, distribution, etc. Hampshire
Date of publication, distribution, etc. 1971
300 ## - PHYSICAL DESCRIPTION
Extent xx, 740 p.
Other physical details ill.
Dimensions 26 cm.
650 #0 - SUBJECT ADDED ENTRY--TOPICAL TERM
Topical term or geographic name as entry element Economics
942 ## - ADDED ENTRY ELEMENTS (KOHA)
Koha item type General Book
Holdings
Withdrawn status Lost status Shelving location Koha normalized classification for sorting Sublocation or collection (holding branch) Koha date last seen Source of classification or shelving scheme Price effective from Date acquired Location (home branch) Koha item type Piece designation (barcode) Koha full call number Not for loan Copy number Damaged status Koha collection
  Circulation section330LIP1971Central Library, BUET2014-11-27 2014-11-272014-11-27Central Library, BUETGeneral Book23693330/LIP/1971 1  
  Circulation section330LIP1971Central Library, BUET2014-11-27 2014-11-272014-11-27Central Library, BUETGeneral Book23702330/LIP/1971 2  
  Circulation section330_000000000000000_LIP_1971Central Library, BUET2015-01-27 2015-01-272015-01-27Central Library, BUETGeneral Book23689330/LIP/1971 3  
  Circulation section330_000000000000000_LIP_1971Central Library, BUET2015-01-27 2015-01-272015-01-27Central Library, BUETGeneral Book23684330/LIP/1971 4  
  Circulation section330_000000000000000_LIP_1971Central Library, BUET2015-01-27 2015-01-272015-01-27Central Library, BUETGeneral Book23710330/LIP/1971 5  
  Circulation section330_000000000000000_LIP_1971Central Library, BUET2015-01-27 2015-01-272015-01-27Central Library, BUETGeneral Book23713330/LIP/1971 6  
  Cataloging section330_000000000000000_LIP_1971Central Library, BUET2015-01-27 2015-01-272015-01-27Central Library, BUETGeneral Book23690330/LIP/1971 7  
  Circulation section330_000000000000000_LIP_1971Central Library, BUET2015-01-27 2015-01-272015-01-27Central Library, BUETGeneral Book23698330/LIP/1971 8  
  Circulation section330_000000000000000_LIP_1971Central Library, BUET2015-01-27 2015-01-272015-01-27Central Library, BUETGeneral Book23685330/LIP/1971 9  
  Circulation section330_000000000000000_LIP_1971Central Library, BUET2015-01-27 2015-01-272015-01-27Central Library, BUETGeneral Book23712330/LIP/1971 10  
  Circulation section330_000000000000000_LIP_1971Central Library, BUET2015-01-28 2015-01-282015-01-28Central Library, BUETGeneral Book23677330/LIP/1971 4 Non Fiction
  Circulation section330_000000000000000_LIP_1971Central Library, BUET2015-01-28 2015-01-282015-01-28Central Library, BUETGeneral Book23706330/LIP/1971 30 Non Fiction
  Circulation section330_000000000000000_LIP_1971Central Library, BUET2015-01-28 2015-01-282015-01-28Central Library, BUETGeneral Book23705330/LIP/1971 29 Non Fiction
  Circulation section330_000000000000000_LIP_1971Central Library, BUET2015-01-28 2015-01-282015-01-28Central Library, BUETGeneral Book23680330/LIP/1971 16 Non Fiction
  Circulation section330_000000000000000_LIP_1971Central Library, BUET2015-04-20 2015-04-202015-04-20Central Library, BUETGeneral Book23691330/LIP/1971 15